000 00475nam a22001697a 4500
999 _c6070
_d6070
003 GBCCL
005 20241126110555.0
008 180430b ||||| |||| 00| 0 eng d
040 _cgbc
082 _a813.54
_bSAY
100 _aSayre, Leslie C.
_910933
245 _aThis Rocket called freedom /
_cLeslie C. Sayre
260 _aNew York:
_bFriendship Press,
_c1964
300 _a127 p.;
_bill.,
_c20 cm.
650 _aPost colonization
_zAfrica
_xFiction
_910934
942 _2ddc
_cBK